000 00626nam a2200217Ia 4500
003 GCL
008 140319s9999 xx 000 0 eng d
020 _a1857150635
040 _aGCL /
_cGCL
082 0 4 _a823
_bS D
100 1 _aSTEVENSON, ROBERT LOUIS
245 1 0 _aDR JEKYLL AND MR HYDE :
_bAND OTHER STORIES /
_cSTEVENSON, ROBERT LOUIS
700 1 _aRANCE, NICHOLAS
260 _aانجلترا :
_bEVERYMAN'S LIBRARY ،
_c1992
300 _a21 CM ؛
_cXXXI, 239 P
490 _aTHE MILLENNIUM LIBRARY
_v63
650 0 4 _aENGLISH LITERATURE
650 0 4 _aLITERATURE
650 0 4 _aENGLISH FICTION
942 _2ddc
_cBK
999 _c5566
_d5566